| 000 | 00000nas 2200000za 4500 |
| 001 | 9.841445 |
| 003 | CaOODSP |
| 005 | 20251103145015 |
| 007 | cr ||||||||||| |
| 008 | 170810c20109999oncfr p o||||f0 |0fre|d |
| 022 | |a2560-6077 |
| 040 | |aCaOODSP|bfre |
| 043 | |an-cn--- |
| 086 | 1 |aJ12-7F-PDF|zJ1-20F-PDF |
| 245 | 00|aJustice en langues officielles |h[ressource électronique] : |ble bulletin |
| 246 | 30|aLe bulletin |
| 260 | |a[Ottawa] : |bJustice Canada, |c2010- |
| 310 | |aSemestriel |
| 362 | 0 |aNo 1, Automne 2010- |
| 500 | |aPubl. aussi en anglais sous le titre : Justice in official languages: newsletter. |
| 520 | 2 |a«Cette publication trimestrielle traitera des activités et des initiatives émanant tant de Justice Canada que de ses partenaires qui Ĺ“uvrent à l’amélioration des services de justice dans les deux langues officielles. Le Bulletin présentera les divers enjeux liés à l’accès à la justice et fera valoir les pratiques inspirantes qui font évoluer ce domaine.» - No. 01, p. [1]. |
| 588 | |aDernière parution consultée : no. 16, été 2017. |
| 710 | 1 |aCanada. |bMinistère de la justice. |
| 775 | 08|tJustice in official languages |w(CaOODSP)9.841443 |